LEADER 00928nam0-2200325---450- 001 990008536850403321 005 20100723110219.0 010 $a978-88-06-16074-6 035 $a000853685 035 $aFED01000853685 035 $a(Aleph)000853685FED01 035 $a000853685 100 $a20070709d2007----km-y0itay50------ba 101 0 $aita 102 $aIT 105 $ay---a---001yy 200 1 $aRealismo e letteratura$euna storia possibile$fFederico Bertoni 210 $aTorino$cEinaudi$dc2007 215 $aIX, 402 p.$d20 cm 225 1 $aPiccola biblioteca Einaudi$iSaggistica letteraria e linguistica$v343 610 0 $aRealismo 676 $a809.912 700 1$aBertoni,$bFederico$0169538 801 0$aIT$bUNINA$gRICA$2UNIMARC 901 $aBK 912 $a990008536850403321 952 $a809.912 BER 1$fFLFBC 959 $aFLFBC 996 $aRealismo e letteratura$987913 997 $aUNINA